|
|
|
|
| LEADER |
00000nab a2200000 a 4500 |
| 001 |
vtls000036684 |
| 003 |
SK-MaSNL |
| 005 |
20260303023019.0 |
| 008 |
111103c1979 xo 0 slo |
| 015 |
|
|
|a SNBRB19rr/mm-uuuuu
|
| 035 |
|
|
|a CL0046779
|
| 040 |
|
|
|a SNKBUCL
|b slo
|c SNKBUCL
|e AACR2
|
| 041 |
0 |
|
|a slo
|
| 044 |
|
|
|a xo
|c SK
|
| 080 |
|
|
|a 903
|2 1981
|
| 100 |
1 |
|
|a -jk-
|4 aut
|9 865209
|
| 245 |
1 |
0 |
|a Pozoruhodné nálezisko pri Bučanoch
|c -jk- ; František Marko
|
| 300 |
|
|
|b Obr. 1.
|
| 650 |
0 |
7 |
|a archeologické lokality
|2 snkbucl
|9 175886
|
| 651 |
|
7 |
|a 5211
|2 snkbucl
|9 283191
|
| 651 |
|
7 |
|a Bučany (Slovensko)
|2 snkbucl
|9 16123
|
| 655 |
|
7 |
|a články z novín a časopisov
|2 snkbucl
|9 267496
|
| 700 |
1 |
|
|a Marko, František
|4 aut
|9 6025
|
| 773 |
0 |
|
|t Katolícke noviny
|g Roč. 94, č. 28 (15. 7. 1979), s. 4
|
| 850 |
|
|
|a Slovenská národná knižnica v Martine
|a MTA001
|
| 852 |
|
|
|a SNK
|b KIS3GCP
|
| 958 |
|
|
|a RK
|
| 992 |
|
|
|a RBX
|
| 999 |
|
|
|c 1632049
|d 1633979
|